[Event "SVK-ch U08"]
[Site "Stara Lubovna"]
[Date "2014.04.10"]
[Round "7"]
[White "Holubcik, Matus"]
[Black "Tokarcik, Patrik"]
[Result "1-0"]
[WhiteElo "1000"]
[BlackElo "1000"]
[PlyCount "79"]
[EventDate "2014.04.05"]
[EventType "swiss"]
[EventRounds "9"]
[EventCountry "SVK"]
[SourceTitle "EXT 2016"]
[Source "ChessBase"]
[SourceDate "2015.10.08"]
[SourceVersion "1"]
[SourceVersionDate "2015.10.08"]
[SourceQuality "1"]

1. e4 d5 2. exd5 Qxd5 3. Nc3 Qe6+ 4. Qe2 Qc6 5. Nf3 e6 6. Qb5 Nf6 7. Ne5 Qxb5 8. Bxb5+ c6 9. Nxc6 bxc6 10. Bxc6+ Nxc6 11. 0-0 Nb4 12. a3 Nxc2 13. Ra2 Ba6 14. Rd1 Bc4 15. b3 Bxb3 16. Rb2 Ba4 17. Nxa4 Nd4 18. Rb4 Bxb4 19. Bb2 Ne2+ 20. Kf1 Rb8 21. Kxe2 Bd6 22. Rc1 Bxh2 23. Nc5 Rxb2 24. Na6 Ra2 25. Rc8+ Kd7 26. Rxh8 h5 27. Nc5+ Kc6 28. Rc8+ Bc7 29. Na6 Nd5 30. Rg8 Nf4+ 31. Ke3 g6 32. Nb4+ Kb5 33. Nxa2 Nxg2+ 34. Kd3 h4 35. Nc3+ Kc6 36. Rh8 g5 37. Ke4 f5+ 38. Kf3 Nf4 39. Ne2 Be5 40. Rc8+ 1-0